000 00608nam a22002057a 4500
005 20210423055455.0
008 210223s1963 ||||| |||| 00| 0 eng d
040 _aeng
_cDLC
041 _aeng
_hfre
080 _a821.111
_bS-61
100 _9518
_aSimenon, Georges
245 _aMaigret at the Crossroads
_c/ by: Penguin Books
260 _aVictoria Australia
_bPenguin Books
_c1963
300 _a136 p.
365 _b0.95 usd
650 0 _9254
_aEnglish literature
653 _aინგლისური ლიტერატურა
700 _9519
_aBaldick, Robert
_eTranslator
942 _2udc
_cBK
999 _c1664
_d1664